<?xml version="1.0" encoding="UTF-8"?><?xml-stylesheet type="text/xsl" href="static/style.xsl"?><OAI-PMH xmlns="http://www.openarchives.org/OAI/2.0/" xmlns:xsi="http://www.w3.org/2001/XMLSchema-instance" xsi:schemaLocation="http://www.openarchives.org/OAI/2.0/ http://www.openarchives.org/OAI/2.0/OAI-PMH.xsd"><responseDate>2026-06-02T05:18:08Z</responseDate><request verb="GetRecord" identifier="oai:riuma.uma.es:10630/4319" metadataPrefix="marc">https://riuma.uma.es/rest/oai/request</request><GetRecord><record><header><identifier>oai:riuma.uma.es:10630/4319</identifier><datestamp>2026-02-03T12:50:28Z</datestamp><setSpec>com_10630_27</setSpec><setSpec>com_10630_3139</setSpec><setSpec>com_10630_10</setSpec><setSpec>col_10630_4290</setSpec></header><metadata><record xmlns="http://www.loc.gov/MARC21/slim" xmlns:dcterms="http://purl.org/dc/terms/" xmlns:doc="http://www.lyncode.com/xoai" xmlns:xsi="http://www.w3.org/2001/XMLSchema-instance" xsi:schemaLocation="http://www.loc.gov/MARC21/slim http://www.loc.gov/standards/marcxml/schema/MARC21slim.xsd">
   <leader>00925njm 22002777a 4500</leader>
   <datafield ind2=" " ind1=" " tag="042">
      <subfield code="a">dc</subfield>
   </datafield>
   <datafield ind2=" " ind1=" " tag="720">
      <subfield code="a">Bazo Coronilla, Eduardo</subfield>
      <subfield code="e">author</subfield>
   </datafield>
   <datafield ind2=" " ind1=" " tag="260">
      <subfield code="c">2010</subfield>
   </datafield>
   <datafield ind2=" " ind1=" " tag="520">
      <subfield code="a">Barlia robertiana (Loisel.) Greuter es una&#xd;
orquídea cuya distribución se extiende por todo&#xd;
el Sur de Europa, en la zona que comprende&#xd;
desde la Península Ibérica hasta las principales&#xd;
islas del Meditérraneo, así como por la zona&#xd;
norte del continente africano, desde Marruecos&#xd;
a Túnez incluyendo la zona Cirenaica. En la&#xd;
Península Ibérica, donde aparece en la mayor&#xd;
parte de ella, crece en matorrales, prados&#xd;
y claros de bosques y también en sistemas&#xd;
dunares desde el nivel del mar hasta los 1100&#xd;
m de altitud, siendo una planta característica de&#xd;
las comunidades de la Clase Festuco-Brometea:&#xd;
pastizales de alta cobertura dominados por&#xd;
hemicriptófi tos y caméfi tos que se asientan&#xd;
en suelos profundos meso-eútrofos, sin&#xd;
hidromorfía temporal.&#xd;
Para la provincia de Huelva, Silvestre&#xd;
(1987: 510) señala la presencia de esta especie,&#xd;
aunque muy localizada, en Sierra Morena.&#xd;
Sin embargo su presencia en la provincia de&#xd;
Huelva no estaba apoyada, al parecer, por&#xd;
ningún testimonio de herbario conocido, y se&#xd;
basaba en la simple extrapolación para toda&#xd;
la comarca de “Sierra Norte”, según se defi ne&#xd;
en Flora Vascular de Andalucía Occidental&#xd;
(Valdés et al., 1987, 1: 16 mapa 1). En el&#xd;
Herbario de la Universidad de Sevilla (SEV)&#xd;
sólo se ha encontrado un pliego de esa comarca,&#xd;
recolectado en Guadalcanal (SEV 162837,&#xd;
C. Romero Zarco, comunicación personal). Posteriormente, Morales et al. (2000: 362) la&#xd;
citaron para la Sierra de Aracena en Cumbres&#xd;
Mayores. La población que indicamos abajo es&#xd;
por tanto la segunda conocida para la provincia&#xd;
y la primera para su extremo NE.</subfield>
   </datafield>
   <datafield ind1="8" ind2=" " tag="024">
      <subfield code="a">Acta Botánica Malacitana, Nº35, 2010, Págs. 97-106</subfield>
   </datafield>
   <datafield ind1="8" ind2=" " tag="024">
      <subfield code="a">02109506</subfield>
   </datafield>
   <datafield ind1="8" ind2=" " tag="024">
      <subfield code="a">http://hdl.handle.net/10630/4319</subfield>
   </datafield>
   <datafield tag="653" ind2=" " ind1=" ">
      <subfield code="a">Herbarios</subfield>
   </datafield>
   <datafield tag="653" ind2=" " ind1=" ">
      <subfield code="a">Orquídeas - Huelva</subfield>
   </datafield>
   <datafield ind2="0" ind1="0" tag="245">
      <subfield code="a">Barlia robertiana (Loisel.) Greuter (Orchidaceae) en la provincia de Huelva (España)</subfield>
   </datafield>
</record>
</metadata></record></GetRecord></OAI-PMH>